[Event "CZE-chTB U20 1314"]
[Site "Czech Republic"]
[Date "2014.04.26"]
[Round "10.5"]
[White "Hruza, Dominik"]
[Black "Siroky, Richard"]
[Result "0-1"]
[WhiteElo "1642"]
[BlackElo "1588"]
[PlyCount "94"]
[EventDate "2013.10.12"]
[EventType "team-tourn"]
[EventRounds "11"]
[EventCountry "CZE"]
[SourceTitle "EXT 2015"]
[Source "ChessBase"]
[SourceDate "2014.11.20"]
[SourceVersion "1"]
[SourceVersionDate "2014.11.20"]
[SourceQuality "1"]
[WhiteTeam "Brno Lokomotiva (U20)"]
[BlackTeam "Tabor (U20)"]
[WhiteTeamCountry "CZE"]
[BlackTeamCountry "CZE"]

1. e4 e5 2. Nf3 Nc6 3. Bc4 Bc5 4. c3 Nf6 5. d4 exd4 6. cxd4 Bb4+ 7. Bd2 Bxd2+ 8. Nbxd2 d6 9. e5 dxe5 10. dxe5 Nd5 11. Qb3 Na5 12. Qa4+ Nc6 13. Qb5 Nb6 14. Bb3 0-0 15. 0-0 Re8 16. Rfe1 Be6 17. Rad1 a6 18. Qe2 Bxb3 19. Nxb3 Qe7 20. Nbd4 Nxd4 21. Nxd4 Rad8 22. Qe4 c6 23. f4 g6 24. Rd3 Qc5 25. Kh1 Nd5 26. f5 Nf6 27. Nb3 Nxe4 28. Rxd8 Qxe5 29. Rxe8+ Qxe8 30. Nc5 gxf5 31. Kg1 Qe7 32. b4 Qd6 33. Nxe4 fxe4 34. Rxe4 Qd1+ 35. Kf2 Qd2+ 36. Re2 Qxb4 37. Re3 Qf4+ 38. Rf3 Qxh2 39. Rg3+ Qxg3+ 40. Kxg3 c5 41. a4 b5 42. axb5 axb5 43. Kf3 c4 44. Ke3 b4 45. Kd4 b3 46. Kc3 Kg7 47. Kxc4 b2 0-1

[Event "CZE-chTB U20 1314"]
[Site "Czech Republic"]
[Date "2014.04.26"]
[Round "9.5"]
[White "Siroky, Richard"]
[Black "Bures, Martin"]
[Result "0-1"]
[WhiteElo "1588"]
[BlackElo "1644"]
[PlyCount "102"]
[EventDate "2013.10.12"]
[EventType "team-tourn"]
[EventRounds "11"]
[EventCountry "CZE"]
[SourceTitle "EXT 2015"]
[Source "ChessBase"]
[SourceDate "2014.11.20"]
[SourceVersion "1"]
[SourceVersionDate "2014.11.20"]
[SourceQuality "1"]
[WhiteTeam "Tabor (U20)"]
[BlackTeam "Polabiny (U20) II"]
[WhiteTeamCountry "CZE"]
[BlackTeamCountry "CZE"]

1. e4 e6 2. d4 d5 3. Nd2 dxe4 4. Nxe4 Bd7 5. c3 Bc6 6. Ng3 Nd7 7. Nf3 Ngf6 8. Bd3 Be7 9. 0-0 0-0 10. Re1 b6 11. Ne4 Nxe4 12. Bxe4 Bxe4 13. Rxe4 Nf6 14. Re2 c5 15. Be3 Qc7 16. dxc5 Rfd8 17. Qc2 Bxc5 18. Bxc5 Qxc5 19. Rd1 Rxd1+ 20. Qxd1 Qc7 21. Rd2 Kf8 22. h3 Ke7 23. Qa4 Rd8 24. Qa3+ Ke8 25. Qa4+ Ke7 26. Nd4 Rd7 27. Nb5 Qc6 28. Rxd7+ Nxd7 29. Qb4+ Qc5 30. Qxc5+ Nxc5 31. Nxa7 Na4 32. Kf1 Kd7 33. Ke2 Nxb2 34. Kd2 Nc4+ 35. Kc2 Nd6 36. a4 Kc7 37. Kd3 e5 38. Nb5+ Nxb5 39. axb5 Kd6 40. Kc4 f5 41. g3 h6 42. f3 g6 43. g4 h5 44. gxf5 gxf5 45. h4 Ke6 46. Kd3 Kd5 47. c4+ Kc5 48. Kc3 e4 49. f4 e3 50. Kd3 e2 51. Kxe2 Kxc4 0-1

[Event "Kouty nad Desnou op-B"]
[Site "Kouty nad Desnou"]
[Date "2014.03.12"]
[Round "6"]
[White "Kubelova, Sona"]
[Black "Siroky, Richard"]
[Result "0-1"]
[WhiteElo "1671"]
[BlackElo "1588"]
[PlyCount "76"]
[EventDate "2014.03.08"]
[EventType "swiss"]
[EventRounds "9"]
[EventCountry "CZE"]
[SourceTitle "EXT 2015"]
[Source "ChessBase"]
[SourceDate "2014.11.20"]
[SourceVersion "1"]
[SourceVersionDate "2014.11.20"]
[SourceQuality "1"]

1. d4 f5 2. f4 Nf6 3. Nf3 b6 4. b3 Bb7 5. Bb2 e6 6. Qd3 d6 7. Ng5 Qe7 8. Qe3 Ne4 9. Qf3 Nd7 10. Qh5+ g6 11. Qf3 Ndf6 12. e3 0-0-0 13. Nxe4 Nxe4 14. Qh3 Bg7 15. Bc4 e5 16. 0-0 Bf6 17. d5 Qg7 18. Na3 Nd2 19. Rfd1 Nxc4 20. Nxc4 Qf7 21. fxe5 dxe5 22. Bxe5 Rxd5 23. Bxf6 Qxf6 24. Rac1 h5 25. Rf1 Re8 26. Rce1 Kb8 27. e4 Qd4+ 28. Qe3 Rxe4 29. Qxd4 Rdxd4 30. a4 Ba6 31. Rxe4 Rxe4 32. Nd2 Re2 33. Rd1 Kc8 34. c3 Bb7 35. Nf3 Bxf3 36. gxf3 Re3 37. f4 Rxc3 38. Rb1 Rf3 0-1

[Event "CZE-chTW U20 1314"]
[Site "Czech Republic"]
[Date "2014.01.25"]
[Round "6.5"]
[White "Eret, Matous"]
[Black "Siroky, Richard"]
[Result "1-0"]
[WhiteElo "1725"]
[BlackElo "1588"]
[PlyCount "67"]
[EventDate "2013.10.12"]
[EventType "team-tourn"]
[EventRounds "11"]
[EventCountry "CZE"]
[SourceTitle "EXT 2015"]
[Source "ChessBase"]
[SourceDate "2014.11.20"]
[SourceVersion "1"]
[SourceVersionDate "2014.11.20"]
[SourceQuality "1"]
[WhiteTeam "Klatovy (U20)"]
[BlackTeam "Tabor (U20)"]
[WhiteTeamCountry "CZE"]
[BlackTeamCountry "CZE"]

1. e4 e5 2. Nc3 Nf6 3. f4 d6 4. Nf3 Bg4 5. Bc4 Nc6 6. 0-0 exf4 7. d4 g5 8. Qd3 Nd7 9. h3 Bxf3 10. Rxf3 Bg7 11. Ne2 Qe7 12. g3 Nde5 13. dxe5 Nxe5 14. Qb3 Nxf3+ 15. Qxf3 fxg3 16. Nxg3 Rf8 17. c3 h6 18. Be3 Be5 19. Nf5 Qf6 20. Qg4 Qg6 21. Rf1 f6 22. Nd4 c6 23. Rd1 h5 24. Qe6+ Kd8 25. Nf5 Qe8 26. Rxd6+ Kc7 27. Bc5 Qxe6 28. Rxe6 Rfd8 29. Ng7 h4 30. Re7+ Kb8 31. Ne6 Rd1+ 32. Kg2 b6 33. Ba6 Bc7 34. Rxc7 1-0

[Event "CZE-chTW U20 1314"]
[Site "Czech Republic"]
[Date "2014.01.25"]
[Round "7.5"]
[White "Siroky, Richard"]
[Black "Nemcova, Karin"]
[Result "1/2-1/2"]
[WhiteElo "1588"]
[BlackElo "1677"]
[PlyCount "147"]
[EventDate "2013.10.12"]
[EventType "team-tourn"]
[EventRounds "11"]
[EventCountry "CZE"]
[SourceTitle "EXT 2015"]
[Source "ChessBase"]
[SourceDate "2014.11.20"]
[SourceVersion "1"]
[SourceVersionDate "2014.11.20"]
[SourceQuality "1"]
[WhiteTeam "Tabor (U20)"]
[BlackTeam "Praha Oaza (U20)"]
[WhiteTeamCountry "CZE"]
[BlackTeamCountry "CZE"]

1. e4 d5 2. exd5 Qxd5 3. Nc3 Qa5 4. d4 c6 5. Bd2 Qc7 6. Nf3 Nf6 7. Bd3 Bg4 8. 0-0 e6 9. h3 Bh5 10. Ne4 Nbd7 11. Qe2 Nxe4 12. Bxe4 Nf6 13. c4 Nxe4 14. Qxe4 Be7 15. Bc3 0-0 16. Rad1 Bf6 17. Rd2 Rac8 18. Re1 Bg6 19. Qe3 c5 20. d5 Bxc3 21. Qxc3 exd5 22. Rxd5 Rfe8 23. Ne5 Bf5 24. Nd3 Rxe1+ 25. Qxe1 Bxd3 26. Rxd3 h6 27. Qd2 Qc6 28. Kf1 Re8 29. Rd7 Qe4 30. b3 Qe5 31. g3 Qe4 32. Kg1 Qf3 33. Rd8 Qe4 34. Qd5 Qe1+ 35. Kg2 b6 36. Rxe8+ Qxe8 37. Qb7 Qe6 38. Qxa7 Qe4+ 39. Kh2 Qe2 40. Qa8+ Kh7 41. Kg2 Qe6 42. Qf3 f5 43. Qe3 Qf6 44. Qd2 Qe6 45. f3 Qf6 46. Kf2 Qe5 47. f4 Qe4 48. Qe2 Qd4+ 49. Kf3 Qc3+ 50. Kg2 Qd4 51. Qc2 Qd7 52. g4 g6 53. Qe2 Qc6+ 54. Kg3 Qf6 55. Qe5 Qf7 56. Qd5 Qe7 57. Kf3 fxg4+ 58. hxg4 Qg7 59. Ke4 Qe7+ 60. Kf3 Qg7 61. Qe5 Qd7 62. Qd5 Qg7 63. f5 Qc3+ 64. Kf4 g5+ 65. Ke4 Qe1+ 66. Kf3 Qf1+ 67. Kg3 Qe1+ 68. Kh2 Qh4+ 69. Kg1 Qe1+ 70. Kh2 Qh4+ 71. Kg2 Qxg4+ 72. Kf2 Qh4+ 73. Ke3 Qe1+ 74. Kf3 1/2-1/2

[Event "Czech Fed-ch opB"]
[Site "Hrdonov"]
[Date "2013.11.01"]
[Round "8"]
[White "Siroky, Richard"]
[Black "Hochman, Jan"]
[Result "0-1"]
[WhiteElo "1652"]
[BlackElo "1638"]
[PlyCount "90"]
[EventDate "2013.10.26"]
[EventType "swiss"]
[EventRounds "9"]
[EventCountry "CZE"]
[SourceTitle "EXT 2016"]
[Source "ChessBase"]
[SourceDate "2015.10.08"]
[SourceVersion "1"]
[SourceVersionDate "2015.10.08"]
[SourceQuality "1"]

1. e4 e6 2. d4 d5 3. Nd2 Nf6 4. Bd3 c5 5. Ngf3 c4 6. Be2 Nc6 7. e5 Nd7 8. c3 Be7 9. b3 b5 10. 0-0 Nb6 11. Ne1 0-0 12. f4 Re8 13. Bb2 Bd7 14. Nc2 Qc7 15. Ne3 f6 16. Qe1 Rf8 17. Qg3 Rac8 18. Rf3 Qd8 19. Qh3 Nxd4 20. cxd4 c3 21. Bd3 f5 22. Bxc3 Rxc3 23. Nd1 Rc7 24. g4 Qc8 25. gxf5 exf5 26. Rg3 Rc1 27. Qh6 Rf7 28. Rb1 g6 29. Qh3 Bb4 30. Qg2 Qc3 31. Nf3 Rxb1 32. Bxb1 Qc1 33. Bc2 Qxf4 34. Qe2 Re7 35. Ne3 Kh8 36. Rh3 g5 37. Rh5 Rg7 38. Ng2 Qc1+ 39. Qd1 Qxd1+ 40. Bxd1 Be7 41. Ne3 f4 42. Nc2 Bf5 43. Kf2 Rg8 44. Ke2 Bg6 45. Rh6 Bf8 0-1

[Event "Czech Fed-ch opB"]
[Site "Hrdonov"]
[Date "2013.10.28"]
[Round "3"]
[White "Koller, Martin"]
[Black "Siroky, Richard"]
[Result "1-0"]
[WhiteElo "1835"]
[BlackElo "1652"]
[PlyCount "55"]
[EventDate "2013.10.26"]
[EventType "swiss"]
[EventRounds "9"]
[EventCountry "CZE"]
[SourceTitle "EXT 2016"]
[Source "ChessBase"]
[SourceDate "2015.10.08"]
[SourceVersion "1"]
[SourceVersionDate "2015.10.08"]
[SourceQuality "1"]

1. e4 e5 2. f4 Bc5 3. Nf3 d6 4. fxe5 dxe5 5. Bc4 Nc6 6. d3 f6 7. Nc3 Na5 8. Nxe5 Nxc4 9. Nxc4 Bb4 10. Bd2 Ne7 11. Qh5+ g6 12. Qb5+ Nc6 13. 0-0-0 a6 14. Qd5 Qxd5 15. Nxd5 Bxd2+ 16. Rxd2 0-0 17. Nxc7 Ra7 18. Nd5 Be6 19. Nce3 b5 20. Rf1 Raf7 21. Rdf2 Kg7 22. a3 Nd4 23. c3 Nb3+ 24. Kc2 Nc5 25. Rf4 Nd7 26. d4 h6 27. Nb4 Nb6 28. Nxa6 1-0

[Event "Kouty nad Desnou op-N"]
[Site "Kouty nad Desnou"]
[Date "2013.03.16"]
[Round "9"]
[White "Siroky, Richard"]
[Black "Zilavy, Jan"]
[Result "0-1"]
[WhiteElo "1603"]
[BlackElo "1762"]
[PlyCount "54"]
[EventDate "2013.03.09"]
[EventType "swiss"]
[EventRounds "9"]
[EventCountry "CZE"]
[SourceTitle "EXT 2015"]
[Source "ChessBase"]
[SourceDate "2014.11.20"]
[SourceVersion "1"]
[SourceVersionDate "2014.11.20"]
[SourceQuality "1"]

1. d4 Nf6 2. c4 g6 3. Nc3 d5 4. cxd5 Nxd5 5. e4 Nxc3 6. bxc3 Bg7 7. Nf3 c5 8. Rb1 0-0 9. Bc4 Nc6 10. Be3 cxd4 11. cxd4 Qa5+ 12. Bd2 Qc7 13. Bc3 Bg4 14. Bd5 e6 15. Bxc6 Qxc6 16. Qd3 Rfd8 17. Rd1 Rac8 18. Bb2 Qa4 19. Qb3 Qa5+ 20. Rd2 Bxf3 21. gxf3 Bxd4 22. Ke2 Bxb2 23. Rxd8+ Rxd8 24. Qxb2 Qa6+ 25. Ke1 Qd3 26. Qe2 Qb1+ 27. Qd1 Qxd1# 0-1

[Event "Hrdonov op"]
[Site "Hrdonov"]
[Date "2012.10.25"]
[Round "7"]
[White "Veselsky, Jan"]
[Black "Siroky, Richard"]
[Result "1/2-1/2"]
[WhiteElo "1714"]
[BlackElo "1644"]
[PlyCount "59"]
[EventDate "2012.10.20"]
[EventType "swiss"]
[EventRounds "9"]
[EventCountry "CZE"]
[SourceTitle "CBM 151 Extra"]
[Source "ChessBase"]
[SourceDate "2012.12.18"]
[SourceVersion "1"]
[SourceVersionDate "2012.12.18"]
[SourceQuality "1"]

1. d4 d5 2. c4 e6 3. Nc3 Nf6 4. Bg5 Be7 5. e3 Nbd7 6. Nf3 h6 7. Bh4 0-0 8. Bd3 dxc4 9. Bxc4 b6 10. 0-0 Bb7 11. Rc1 a6 12. Bd3 c5 13. Bb1 Rc8 14. Qe2 Qc7 15. Rfd1 Bd6 16. Bg3 Rfd8 17. Bxd6 Qxd6 18. a3 Qe7 19. Bd3 b5 20. Bb1 c4 21. Ne5 Nxe5 22. dxe5 Nd5 23. Ne4 Rc7 24. Qc2 Rcd7 25. Nd6 g6 26. Qe2 Nb6 27. Qg4 Qg5 28. Qxg5 hxg5 29. Bc2 Bc6 30. h3 1/2-1/2

[Event "Tabor op"]
[Site "Tabor"]
[Date "2012.07.31"]
[Round "4"]
[White "Bastyr, Pavel"]
[Black "Siroky, Richard"]
[Result "1/2-1/2"]
[WhiteElo "1588"]
[BlackElo "1634"]
[PlyCount "84"]
[EventDate "2012.07.29"]
[EventType "swiss"]
[EventRounds "9"]
[EventCountry "CZE"]
[SourceTitle "EXT 2013"]
[Source "ChessBase"]
[SourceDate "2012.11.22"]
[SourceVersion "1"]
[SourceVersionDate "2012.11.22"]
[SourceQuality "1"]

1. d4 d5 2. c4 e6 3. Nc3 Nf6 4. Bg5 Be7 5. e3 0-0 6. Nf3 Nbd7 7. Bd3 dxc4 8. Bxc4 Nb6 9. Bd3 Nfd5 10. Bxe7 Qxe7 11. 0-0 Bd7 12. Ne5 Rad8 13. Qh5 Nf6 14. Qf3 c6 15. Ne4 Nbd5 16. Ng5 h6 17. Ne4 Nxe4 18. Qxe4 Nf6 19. Qf3 Nd5 20. Rfc1 Be8 21. Qg3 f6 22. Ng6 Bxg6 23. Bxg6 f5 24. f4 Nf6 25. Qh4 Rd7 26. h3 Ne4 27. Qxe7 Rxe7 28. g4 Rf6 29. gxf5 exf5 30. Bh5 Ng3 31. Bf3 Rxe3 32. Kf2 Rxf3+ 33. Kxf3 Ne4 34. Rg1 Kf7 35. Rad1 Rd6 36. Ke3 g6 37. Rg2 Rd8 38. b4 Kg7 39. d5 a6 40. a4 Kf7 41. h4 h5 42. Ke2 Kg7 1/2-1/2

[Event "Tabor op"]
[Site "Tabor"]
[Date "2012.07.30"]
[Round "2"]
[White "Malcanek, Jan"]
[Black "Siroky, Richard"]
[Result "1-0"]
[WhiteElo "1907"]
[BlackElo "1634"]
[PlyCount "79"]
[EventDate "2012.07.29"]
[EventType "swiss"]
[EventRounds "9"]
[EventCountry "CZE"]
[SourceTitle "EXT 2013"]
[Source "ChessBase"]
[SourceDate "2012.11.22"]
[SourceVersion "1"]
[SourceVersionDate "2012.11.22"]
[SourceQuality "1"]

1. e4 e5 2. Nc3 Nf6 3. f4 d6 4. Nf3 Nc6 5. Bb5 Bg4 6. Bxc6+ bxc6 7. fxe5 dxe5 8. h3 Bxf3 9. Qxf3 Bc5 10. d3 Qd6 11. Bg5 Nd7 12. Be3 Bb6 13. 0-0 Qg6 14. a4 a5 15. Rae1 f6 16. Ne2 0-0-0 17. Nc1 Nc5 18. Bxc5 Bxc5+ 19. Kh1 Bb6 20. Nb3 Kb7 21. Qe2 Qf7 22. Qd2 Ra8 23. Qc3 Qe7 24. Qc4 Qb4 25. Rd1 Rhd8 26. c3 Qxc4 27. dxc4 Be3 28. Nxa5+ Kb6 29. Rxd8 Rxd8 30. Nb3 Kb7 31. g3 Kb6 32. Kg2 c5 33. Kf3 Bh6 34. Ke2 Rd6 35. a5+ Ka7 36. Rd1 Rxd1 37. Kxd1 Be3 38. Ke2 Bg1 39. Nd2 Ka6 40. Nf3 1-0

[Event "Nachod op"]
[Site "Nachod"]
[Date "2012.07.08"]
[Round "9"]
[White "Jukl, Karel"]
[Black "Siroky, Richard"]
[Result "1/2-1/2"]
[WhiteElo "1759"]
[BlackElo "1634"]
[PlyCount "65"]
[EventDate "2012.06.30"]
[EventType "swiss"]
[EventRounds "9"]
[EventCountry "CZE"]
[SourceTitle "CBM 149 Extra"]
[Source "ChessBase"]
[SourceDate "2012.08.24"]
[SourceVersion "1"]
[SourceVersionDate "2012.08.24"]
[SourceQuality "1"]

1. d4 d5 2. Bf4 Bf5 3. e3 Nf6 4. Nf3 e6 5. c4 c6 6. Nc3 Bd6 7. Bxd6 Qxd6 8. c5 Qc7 9. Be2 Nbd7 10. 0-0 0-0 11. b4 b6 12. cxb6 axb6 13. a4 Ne4 14. Qb3 c5 15. dxc5 bxc5 16. b5 c4 17. Qb4 Qa5 18. Qxa5 Rxa5 19. Nxe4 Bxe4 20. Ra3 Nc5 21. Rfa1 Bc2 22. Nd4 Bxa4 23. Bd1 Rfa8 24. Kf1 c3 25. Rxc3 Bxb5+ 26. Nxb5 Rxa1 27. Ke2 Ne4 28. Rc7 Rb1 29. Nd4 Kf8 30. Bc2 Rb2 31. Kf3 Raa2 32. h3 f6 33. Nxe6+ 1/2-1/2

[Event "Nachod op"]
[Site "Nachod"]
[Date "2012.07.06"]
[Round "7"]
[White "Martinovsky, Miroslav"]
[Black "Siroky, Richard"]
[Result "1/2-1/2"]
[WhiteElo "1846"]
[BlackElo "1634"]
[PlyCount "55"]
[EventDate "2012.06.30"]
[EventType "swiss"]
[EventRounds "9"]
[EventCountry "CZE"]
[SourceTitle "CBM 149 Extra"]
[Source "ChessBase"]
[SourceDate "2012.08.24"]
[SourceVersion "1"]
[SourceVersionDate "2012.08.24"]
[SourceQuality "1"]

1. d4 d5 2. Nf3 Bg4 3. g3 e6 4. Bg2 c5 5. 0-0 Nc6 6. c3 Nf6 7. Bg5 h6 8. Bf4 cxd4 9. Nxd4 Nxd4 10. cxd4 Bd6 11. Qa4+ Qd7 12. Qxd7+ Kxd7 13. Bxd6 Kxd6 14. Nc3 Rac8 15. Rfc1 a6 16. Kf1 Rc4 17. e3 Rhc8 18. Ke1 b5 19. Kd2 b4 20. Na4 Rxc1 21. Rxc1 Rxc1 22. Kxc1 Nd7 23. Kd2 Bf5 24. a3 a5 25. Bf1 Kc6 26. h4 f6 27. Be2 Bg6 28. axb4 1/2-1/2

[Event "Nachod op"]
[Site "Nachod"]
[Date "2012.07.01"]
[Round "2"]
[White "Siroky, Richard"]
[Black "Kracik, Martin"]
[Result "1/2-1/2"]
[WhiteElo "1634"]
[BlackElo "1882"]
[PlyCount "39"]
[EventDate "2012.06.30"]
[EventType "swiss"]
[EventRounds "9"]
[EventCountry "CZE"]
[SourceTitle "CBM 149 Extra"]
[Source "ChessBase"]
[SourceDate "2012.08.24"]
[SourceVersion "1"]
[SourceVersionDate "2012.08.24"]
[SourceQuality "1"]

1. e4 c5 2. Nc3 Nc6 3. f4 e6 4. Bc4 a6 5. a3 b5 6. Ba2 Bb7 7. Nf3 Qc7 8. d3 g6 9. 0-0 Bg7 10. Bd2 Nge7 11. Qe1 0-0-0 12. Rb1 Kb8 13. Be3 Nd4 14. Qf2 Nec6 15. Ne2 Nxf3+ 16. Qxf3 Nd4 17. Qf2 Nxe2+ 18. Qxe2 d5 19. Qf2 dxe4 20. dxe4 1/2-1/2

[Event "Nachod op"]
[Site "Nachod"]
[Date "2012.06.30"]
[Round "1"]
[White "Hastik, Svatopluk"]
[Black "Siroky, Richard"]
[Result "1-0"]
[WhiteElo "2034"]
[BlackElo "1634"]
[PlyCount "59"]
[EventDate "2012.06.30"]
[EventType "swiss"]
[EventRounds "9"]
[EventCountry "CZE"]
[SourceTitle "CBM 149 Extra"]
[Source "ChessBase"]
[SourceDate "2012.08.24"]
[SourceVersion "1"]
[SourceVersionDate "2012.08.24"]
[SourceQuality "1"]

1. d4 d5 2. c4 e6 3. Nc3 Nf6 4. Bg5 Be7 5. e3 0-0 6. Nf3 Nbd7 7. Rc1 Nb6 8. c5 Nbd7 9. Bd3 b6 10. c6 Nb8 11. Ne5 h6 12. Bf4 Bd6 13. 0-0 Ne8 14. Qa4 f6 15. Ng6 Rf7 16. e4 Bxf4 17. Nxf4 Qd6 18. e5 fxe5 19. Nb5 Qd8 20. dxe5 Qg5 21. Ng6 Qd2 22. Qd4 Ba6 23. Rc2 Qg5 24. h4 Qd8 25. a4 Bxb5 26. axb5 a6 27. Qg4 axb5 28. Qxe6 b4 29. Nh8 Kxh8 30. Qxf7 1-0

[Event "Kouty nad Desnou op-B"]
[Site "Kouty nad Desnou"]
[Date "2012.03.16"]
[Round "8"]
[White "Siroky, Richard"]
[Black "Kocandova, Martina"]
[Result "1/2-1/2"]
[WhiteElo "1634"]
[BlackElo "1743"]
[PlyCount "68"]
[EventDate "2012.03.10"]
[EventType "swiss"]
[EventRounds "9"]
[EventCountry "CZE"]
[SourceTitle "EXT 2013"]
[Source "ChessBase"]
[SourceDate "2012.11.22"]
[SourceVersion "1"]
[SourceVersionDate "2012.11.22"]
[SourceQuality "1"]

1. e4 e5 2. Nf3 Nc6 3. Bc4 Nf6 4. d3 Bc5 5. Bg5 h6 6. Bh4 d6 7. Nbd2 0-0 8. c3 Bg4 9. h3 Bh5 10. g4 Bg6 11. Rg1 Qd7 12. Bxf6 gxf6 13. Nh4 Kh7 14. Qe2 Na5 15. Bb3 Nxb3 16. Nxb3 Bb6 17. 0-0-0 c5 18. Ng2 a5 19. h4 Kg7 20. Ne3 a4 21. Nf5+ Kh7 22. Nd2 Bxf5 23. gxf5 Rg8 24. Rg3 Ba7 25. Rdg1 b5 26. Qh5 Rxg3 27. Rxg3 Qe8 28. Qg4 Qg8 29. Qxg8+ Rxg8 30. Rxg8 Kxg8 31. h5 Kf8 32. f3 Ke7 33. c4 b4 34. b3 a3 1/2-1/2

[Event "Kouty nad Desnou op-B"]
[Site "Kouty nad Desnou"]
[Date "2011.03.18"]
[Round "8"]
[White "Siroky, Richard"]
[Black "Spererova, Katerina"]
[Result "1/2-1/2"]
[WhiteElo "1298"]
[BlackElo "1629"]
[PlyCount "58"]
[EventDate "2011.03.12"]
[EventType "swiss"]
[EventRounds "9"]
[EventCountry "CZE"]
[SourceTitle "EXT 2014"]
[Source "ChessBase"]
[SourceDate "2013.11.20"]
[SourceVersion "1"]
[SourceVersionDate "2013.11.20"]
[SourceQuality "1"]

1. e4 e5 2. Nf3 Nf6 3. Nc3 Bb4 4. d3 Nc6 5. Bg5 0-0 6. Be2 Be7 7. 0-0 h6 8. Bh4 d6 9. d4 exd4 10. Nxd4 Ne5 11. Bxf6 Bxf6 12. f4 Nc6 13. Nxc6 bxc6 14. Qd2 Re8 15. Bf3 Ba6 16. Rfe1 c5 17. Rad1 Bd4+ 18. Kh1 Qh4 19. g3 Qd8 20. e5 Rb8 21. exd6 cxd6 22. Rxe8+ Qxe8 23. b3 Qd7 24. Re1 Bb7 25. Nd5 Re8 26. Rxe8+ Qxe8 27. Nf6+ Bxf6 28. Bxb7 Qb5 29. Bg2 Qe8 1/2-1/2

[Event "Kouty nad Desnou op-B"]
[Site "Kouty nad Desnou"]
[Date "2011.03.14"]
[Round "4"]
[White "Stefanik, Richard"]
[Black "Siroky, Richard"]
[Result "1-0"]
[WhiteElo "1641"]
[BlackElo "1298"]
[PlyCount "67"]
[EventDate "2011.03.12"]
[EventType "swiss"]
[EventRounds "9"]
[EventCountry "CZE"]
[SourceTitle "EXT 2014"]
[Source "ChessBase"]
[SourceDate "2013.11.20"]
[SourceVersion "1"]
[SourceVersionDate "2013.11.20"]
[SourceQuality "1"]

1. e4 e5 2. Nf3 Nc6 3. Bb5 Bc5 4. 0-0 d6 5. h3 Qf6 6. d3 Qg6 7. Kh2 Nf6 8. Nc3 0-0 9. Ne2 Be6 10. Ng3 h6 11. c3 Ne7 12. Nh4 Qh7 13. Qe2 c6 14. Ba4 g5 15. Nf3 Kh8 16. d4 exd4 17. cxd4 Bb6 18. Rd1 Rg8 19. Bc2 Ng6 20. e5 dxe5 21. dxe5 Nd5 22. Nh5 Bc7 23. Kh1 Bd8 24. Be3 f5 25. exf6 Nxf6 26. Bd4 Qf7 27. Bxf6+ Bxf6 28. Nxf6 Qxf6 29. Bxg6 Qxg6 30. Qe5+ Rg7 31. Rd6 Re8 32. Re1 Bf7 33. Rxg6 Rxe5 34. Rxh6+ 1-0

[Event "Tabor op"]
[Site "Tabor"]
[Date "2010.08.04"]
[Round "5"]
[White "Petr, Josef"]
[Black "Siroky, Richard"]
[Result "1-0"]
[WhiteElo "1723"]
[BlackElo "1255"]
[PlyCount "69"]
[EventDate "2010.08.01"]
[EventType "swiss"]
[EventRounds "9"]
[EventCountry "CZE"]
[SourceTitle "EXT 2012"]
[Source "ChessBase"]
[SourceDate "2011.11.24"]
[SourceVersion "1"]
[SourceVersionDate "2011.11.24"]
[SourceQuality "1"]

1. Nf3 Nf6 2. g3 b5 3. Bg2 Bb7 4. 0-0 e6 5. d4 c5 6. dxc5 Bxc5 7. Nc3 Qb6 8. h3 d5 9. Bg5 Nbd7 10. a4 b4 11. a5 Qa6 12. Nb1 0-0 13. Nbd2 Rac8 14. Nb3 Ne4 15. Nxc5 Rxc5 16. Be7 Rxa5 17. Bxf8 Rxa1 18. Qxa1 Kxf8 19. Qxa6 Bxa6 20. Ra1 Ndc5 21. Ne5 Nf6 22. Nc6 Bxe2 23. Rxa7 b3 24. cxb3 Nxb3 25. Ra8+ Ne8 26. Bf1 Bxf1 27. Kxf1 d4 28. Rb8 Nc5 29. b4 Nb3 30. b5 d3 31. Ke1 d2+ 32. Kd1 f6 33. b6 Kf7 34. b7 Nd6 35. Rf8+ 1-0

[Event "Tabor op"]
[Site "Tabor"]
[Date "2010.08.03"]
[Round "4"]
[White "Siroky, Richard"]
[Black "Kral, Ladislav"]
[Result "0-1"]
[WhiteElo "1255"]
[BlackElo "1707"]
[PlyCount "34"]
[EventDate "2010.08.01"]
[EventType "swiss"]
[EventRounds "9"]
[EventCountry "CZE"]
[SourceTitle "EXT 2012"]
[Source "ChessBase"]
[SourceDate "2011.11.24"]
[SourceVersion "1"]
[SourceVersionDate "2011.11.24"]
[SourceQuality "1"]

1. b3 e5 2. Bb2 Nc6 3. c4 Nf6 4. e3 d5 5. cxd5 Nxd5 6. a3 Bd6 7. Qc2 0-0 8. Nf3 Bg4 9. Be2 Nf6 10. 0-0 e4 11. Bxf6 Qxf6 12. Qxe4 Bxf3 13. Bxf3 Qxa1 14. Qa4 Qf6 15. Bxc6 bxc6 16. Qxc6 Bxh2+ 17. Kxh2 Qxc6 0-1